00549nam a2200169Ia 450000500170000000800410001702000130005808200130007124500390008426000490012330000200017250000480019270000210024094200060026195200970026799900150036420250529023418.0240331s9999 xx 000 0 und d a13919148 bPATa303 0aPatitha :bsamaja vidya sameekshaa aColombobSocial Scientists Asoociationc2004 a212 p ., ( v 2) aCollection for socio - Cultural Exploration aPerera, S. eedt cL 001040708LaWERCLbWERCLcSSCd2024-03-31l0o 303.6 PATp5548r2024-03-31w2024-03-31yL c5619d5619